000 00516nam a2200193 a 4500
005 20180803165426.0
008 140129b2007 ck ||||| |||| 00| 0 spa d
041 _aspa
044 _ack
090 _aIAVH
_b01031
100 _aHammen, Thomas van der
_95325
245 _aCordillera Oriental colombiana, transecto Sumapaz
260 _aBogotá
_bIGAC
_bICN
_bIBED
_c2007
300 _a1009 p.
650 _aEcosistemas
_992256
662 _aColombia
_cTransecto Sumapaz
942 _cCD-ROM
_2z
945 _d2009-09-10
999 _c7100
_d7100